[Event "IECC CL5-2008.14 email"]
[Site "IECC email"]
[Date "2008.10.27"]
[Round "?"]
[White "Bearce, Harold L"]
[Black "Quinlan, John"]
[Result "1-0"]
[WhiteElo "1334"]
[BlackElo "1356"]
[PlyCount "121"]
[EventDate "2008.??.??"]
[EventType "tourn (corr)"]
[EventRounds "4"]
[SourceTitle "Corr 2011"]
[Source "ChessBase"]
[SourceDate "2010.08.31"]
[SourceVersion "1"]
[SourceVersionDate "2010.08.31"]
[SourceQuality "1"]
[WhiteTeam "US of America"]
[BlackTeam "Australia"]
[WhiteTeamCountry "USA"]
[BlackTeamCountry "AUS"]

1. d4 Nf6 2. c4 g6 3. Nc3 Bg7 4. e4 d6 5. Be2 0-0 6. Nf3 e5 7. d5 Bg4 8. h3 Bxf3 9. Bxf3 c5 10. 0-0 Nbd7 11. Be3 Qa5 12. Nb5 Qb6 13. a4 a6 14. a5 Qd8 15. Nc3 b5 16. b3 b4 17. Ne2 Nh5 18. Bxh5 gxh5 19. f4 Bh6 20. Ng3 h4 21. Nf5 Qf6 22. Qg4+ Kh8 23. Nxh6 Qxh6 24. Qxd7 Rg8 25. Qxf7 Raf8 26. Qe6 Rf6 27. Qd7 Rfg6 28. Rf2 Rg3 29. Re1 Qg6 30. Ree2 Qxe4 31. Bd2 Qd4 32. Kh2 Rxb3 33. Qxd6 e4 34. f5 Rbg3 35. Bf4 R3g7 36. Be5 Qd3 37. Bxg7+ Rxg7 38. Qe5 Qg3+ 39. Qxg3 hxg3+ 40. Kg1 gxf2+ 41. Rxf2 Rf7 42. Kf1 e3 43. Rf3 b3 44. Ke2 b2 45. Rf1 Rxf5 46. Rb1 Rf2+ 47. Kxe3 Rxg2 48. Ke4 Kg8 49. Ke5 Rc2 50. Kd6 Rxc4 51. Rxb2 Rb4 52. Rc2 c4 53. Kc7 Rb5 54. d6 Rc5+ 55. Kb6 Rd5 56. Kc6 Re5 57. Rxc4 Kf7 58. Rb4 Re6 59. Kc7 Re5 60. d7 Rc5+ 61. Kd6 1-0

[Event "IECC CL5-2008.14 email"]
[Site "IECC email"]
[Date "2008.10.27"]
[Round "?"]
[White "Quinlan, John"]
[Black "Bhandarkar, Dinesh"]
[Result "0-1"]
[WhiteElo "1383"]
[BlackElo "1417"]
[PlyCount "68"]
[EventDate "2008.??.??"]
[EventType "tourn (corr)"]
[EventRounds "4"]
[SourceTitle "Corr 2011"]
[Source "ChessBase"]
[SourceDate "2010.08.31"]
[SourceVersion "1"]
[SourceVersionDate "2010.08.31"]
[SourceQuality "1"]
[WhiteTeam "Australia"]
[BlackTeam "India"]
[WhiteTeamCountry "AUS"]
[BlackTeamCountry "IND"]

1. e4 e5 2. Nf3 Nc6 3. Bb5 a6 4. Ba4 Nf6 5. 0-0 Be7 6. Re1 b5 7. Bb3 0-0 8. c3 d6 9. d4 Bg4 10. d5 Na5 11. Bg5 Nxb3 12. axb3 Nxd5 13. Bxe7 Nxe7 14. Nbd2 f5 15. Qc2 Ng6 16. b4 Nf4 17. h3 fxe4 18. Qxe4 Bf5 19. Qc6 Bd7 20. Qe4 Qf6 21. h4 h6 22. Nf1 Bg4 23. N3h2 Be6 24. Red1 Qxh4 25. Rd3 Nh3+ 26. Rxh3 Qxe4 27. Re3 Qc2 28. Nf3 e4 29. N3d2 d5 30. b3 Rf6 31. Rae1 Raf8 32. R1e2 Bg4 33. f3 exf3 34. Ne4 fxe2 0-1

[Event "IECC CL5-2008.10 email"]
[Site "IECC email"]
[Date "2008.07.18"]
[Round "?"]
[White "Heyboer, Peter J"]
[Black "Quinlan, John"]
[Result "1-0"]
[WhiteElo "1462"]
[BlackElo "1419"]
[PlyCount "33"]
[EventDate "2008.??.??"]
[EventType "tourn (corr)"]
[EventRounds "4"]
[SourceTitle "Corr 2013"]
[Source "ChessBase"]
[SourceDate "2012.11.12"]
[SourceVersion "1"]
[SourceVersionDate "2012.11.12"]
[SourceQuality "1"]
[WhiteTeam "US of America"]
[BlackTeam "Germany"]
[WhiteTeamCountry "USA"]
[BlackTeamCountry "GER"]

1. e4 e5 2. Nf3 Nc6 3. Bb5 d6 4. 0-0 Be6 5. d4 exd4 6. Nxd4 Bd7 7. Nc3 Qf6 8. Be3 0-0-0 9. Nxc6 Bxc6 10. Bxc6 bxc6 11. Bxa7 h5 12. Qd3 Be7 13. Qa6+ Kd7 14. Rad1 Ra8 15. Na4 Nh6 16. Nc5+ Kd8 17. Qxc6 1-0

[Event "IECC Swiss-512.1"]
[Site "IECC email"]
[Date "2006.05.24"]
[Round "?"]
[White "Buckle, Rod"]
[Black "Quinlan, John"]
[Result "1-0"]
[WhiteElo "1000"]
[BlackElo "1495"]
[PlyCount "48"]
[EventDate "2006.??.??"]
[EventType "swiss (corr)"]
[EventRounds "1"]
[SourceTitle "Corr 2020"]
[Source "ChessBase"]
[SourceDate "2019.09.30"]
[SourceVersion "1"]
[SourceVersionDate "2019.09.30"]
[SourceQuality "1"]
[WhiteTeam "England"]
[BlackTeam "Australia"]
[WhiteTeamCountry "ENG"]
[BlackTeamCountry "AUS"]

1. e4 c5 2. Nf3 d6 3. Bc4 Be6 4. Bxe6 fxe6 5. 0-0 e5 6. c3 Nc6 7. d4 exd4 8. cxd4 Nf6 9. dxc5 Nxe4 10. cxd6 Nxd6 11. Nc3 Qa5 12. Bf4 0-0-0 13. Nd4 Nxd4 14. Qxd4 Rd7 15. Rac1 Rc7 16. b4 Qb6 17. Qd3 g6 18. Nd5 Qb5 19. Rxc7+ Kd8 20. Qh3 Nf5 21. Rd1 Ke8 22. Qa3 Bg7 23. Qb3 Qe2 24. Nf6+ exf6 1-0